| 000 | 01152naa a22003017a 4500 | ||
|---|---|---|---|
| 001 | BR7907199 | ||
| 003 | BR-BrBNA | ||
| 005 | 20240918174502.0 | ||
| 007 | ta | ||
| 008 | 230509b bl.||||| |||| 00| 0 por d | ||
| 040 |
_aBR-BrBNA _bpor _cBiblioteca Nacional de Agricultura |
||
| 041 | _a(Pt) | ||
| 072 |
_aF00 _b0120 _bG514 |
||
| 090 | _aF00 BR7907199 | ||
| 100 | 1 | _aMaia, N.G. | |
| 100 | 1 | _aCaetano, W. | |
| 100 | 1 | _aChisman, M. | |
| 111 | 1 |
_a24. Reuniao Tecnica Anual do Milho; 8. Reuniao Tecnica Anual do Sorgo Granifero _cPorto Alegre, RS (Brazil) _d1979 |
|
| 245 | 1 | _aRendimento de quatro hibridos de milho em tres epocas de colheita [Rio Grande do Sul, Brasil] | |
| 260 | 3 |
_aPorto Alegre, RS (Brasil): _c1979. |
|
| 500 | _aAta da 24. Reuniao Tecnica Anual do Milho e 8. do Sorgo Granifero Porto Alegre, RS (Brasil): 1979. p. 28-29 (BR7907199-AM)F00 | ||
| 650 | _aRENDIMENTO | ||
| 650 | _aCOLHEITA | ||
| 650 | _aMILHO HIBRIDO | ||
| 773 | 0 |
_tAta da 24. Reuniao Tecnica Anual do Milho e 8. do Sorgo Granifero _wF00 BR7907199 _gPorto Alegre, RS (Brasil), 1979. p. 28-29 |
|
| 909 |
_a202404 _bLucia _c55 _dLucia Elande |
||
| 942 |
_cAM _2AGRIS |
||
| 999 |
_c311555 _d311555 |
||